000 00644nam a22002177a 4500
001 8711
003 FISKH
005 20251013142651.0
008 251013b cb ||||| |||| 00| 0 eng d
020 _a9789924904908
040 _aFISKH
_beng
_cFISKH
_dFISKH
050 _aPZ7
082 _a428.24
100 _aChea, Kagnarith
245 _aEnglish Acadmy :
_bStudent book /
260 _c2015
300 _a65 pages :
_bcolor illustrations ;
_c28 cm
520 _aThis Student's Book offers a blend of theoretical knowledge and practical exercises, aiming to build a solid foundation in English.
942 _2ddc
_cBK
_n0
999 _c8711
_d8711